The drawings of Louis Henry Sullivan : a catalogue of the Frank Lloyd Wright Collection at the Avery Architectural Library /

Bibliographic Details
Main Author: Sullivan, Louis H., 1856-1924
Corporate Author: Avery Library
Other Authors: Sprague, Paul E.
Format: Book
Language:English
Published: Princeton, N.J. : Princeton University Press, [1979]
Subjects:

MARC

Tag First Indicator Second Indicator Subfields
LEADER 00000pam a2200000 i 4500
001 in00000077011
005 20151008055023.0
008 780324s1979 njuaf bc 00110 engm
010 |a  78051192  
020 |a 0691039240 :  |c $25.00 
035 |a (OCoLC)03844335 
035 |9 AAJ2338AM 
040 |a DLC  |c DLC  |d m.c.  |d TXA  |d UtOrBLW 
043 |a n-us-ny 
049 |a TXAM  |c [1166501] 
050 0 0 |a NA2707.S94  |b A4 1979 
082 0 |a 720/.22/2 
100 1 |a Sullivan, Louis H.,  |d 1856-1924. 
245 1 4 |a The drawings of Louis Henry Sullivan :  |b a catalogue of the Frank Lloyd Wright Collection at the Avery Architectural Library /  |c by Paul Edward Sprague ; with a foreword by Adolf K. Placzek. 
264 1 |a Princeton, N.J. :  |b Princeton University Press,  |c [1979] 
264 4 |c ©1979 
300 |a xix, 72 pages, 72 unnumbered leaves of plates :  |b illustrations ;  |c 30 cm. 
336 |a text  |b txt  |2 rdacontent 
337 |a unmediated  |b n  |2 rdamedia 
338 |a volume  |b nc  |2 rdacarrier 
500 |a Includes index. 
504 |a Bibliography: pages 65-67. 
600 1 0 |a Sullivan, Louis H.,  |d 1856-1924  |x Catalogs. 
600 1 0 |a Wright, Frank Lloyd,  |d 1867-1959  |x Art collections  |x Catalogs. 
610 2 0 |a Avery Library  |x Catalogs. 
700 1 |a Sprague, Paul E. 
710 2 |a Avery Library. 
999 |a MARS 
999 f f |s 1b7c15e9-ff40-3731-9931-78367ba5ddba  |i 47c8fe2d-7e55-3d8f-99f5-855751b1b70a  |t 0 
952 f f |p ric  |a Texas A&M University  |b Rellis Campus  |c Joint Library Facility  |d Remote Storage  |t 0  |e NA2707.S94 A4 1979  |h Library of Congress classification  |i unmediated -- volume  |m A14803432180 
998 f f |a NA2707.S94 A4 1979  |t 0  |l Remote Storage